Symbole orientacji seksualnych (i nie tylko) - Statystyki

Ogólne statystyki
  • Ten quiz został rozwiązany 25 razy
  • Średni wynik to 9 z 15
Statystyki odpowiedzi
Obrazkowy Hint Odpowiedź % Poprawnych
pociąg do obu płci flaga {bi}seksualistów
96%
brak płci flaga {a}gender
83%
społeczność ogółem flaga {LGBT}
83%
nie odczuwa pociągu seksualnego flaga osób {a}seksualnych
83%
błędna płeć przy urodzeniu flaga osób {trans}płciowych
79%
mężczyzna-mężczyzna flaga {gejów}
67%
pociąg do każdego flaga {pan}seksualistów
67%
kobieta-kobieta flaga {lesbijek}
63%
brak stałej tożsamości flaga gender{fluid}
54%
nie kobieta, nie mężczyzna flaga nie{binarnych}
46%
pociąg do wysokich owłosionych mężczyzn flaga gay {bear}
42%
cechy obu płci flaga osób {inter}płciowych
42%
pociąg do osób z silną więzią flaga {demi}seksualistów
38%
pociąg do wielu, ale nie każdego flaga {poli}seksualistów
25%
poza dwoma płciami flaga gender{queer}
21%
Nie znaleziono quizów pasujących do podanych kryteriów
Rozkład punktacji
Procent ludzi z każdym wynikiem
Percentyl według liczby udzielonych odpowiedzi
Twoja historia wyników
Nie rozwiązałeś tego quizu